[Event "Gibtelecom Masters 8th"]
[Site "Gibraltar"]
[Date "2010.02.02"]
[Round "8.33"]
[White "Lacrosse, Marc"]
[Black "Karavade, Eesha"]
[Result "0-1"]
[WhiteElo "2220"]
[BlackElo "2405"]
[PlyCount "82"]
[EventDate "2010.01.26"]
[EventType "swiss"]
[EventRounds "10"]
[EventCountry "GGB"]
[SourceDate "2005.02.07"]

1. d4 d5 2. c4 c6 3. Nf3 Nf6 4. Nc3 dxc4 5. a4 Na6 6. e3 Bg4 7. Bxc4 e6 8. O-Nb4 9. Be2 Be7 10. h3 Bh5 11. Bd2 O-O 12. Qb3 c5 13. Rfd1 cxd4 14. Nb5 a5 15Bxb4 Bxb4 16. Nfxd4 Bxe2 17. Nxe2 Qe7 18. Rac1 Rac8 19. Rc4 Rfd8 20. Rxd8+ Qxd8
21. Ned4 g6 22. Rxc8 Qxc8 23. Qc2 Qxc2 24. Nxc2 Be7 25. Nca3 Ne4 26. Nc4 Bb4
27. Kf1 Kf8 28. f3 Nc5 29. Nc3 Bxc3 30. bxc3 Nxa4 31. Nxa5 b6 32. Nc4 b5 33Nd2 Nxc3 34. Nb3 Ke7 35. Ke1 Kd6 36. Kd2 Na4 37. e4 e5 38. Kc2 Nc5 39. Nc1 Ne6
40. Nd3 Nf4 41. Ne1 g5 0-1

[Event "Gibtelecom Masters 8th"]
[Site "Gibraltar"]
[Date "2010.02.02"]
[Round "8.33"]
[White "Tjolsen, Katrine"]
[Black "Houska, Jovanka"]
[Result "0-1"]
[WhiteElo "2212"]
[BlackElo "2401"]
[PlyCount "130"]
[EventDate "2010.01.26"]
[EventType "swiss"]
[EventRounds "10"]
[EventCountry "GGB"]
[SourceDate "2005.02.07"]

1. d4 d5 2. c4 c6 3. Nf3 Nf6 4. Nc3 a6 5. e3 b5 6. c5 g6 7. h3 Bg7 8. Bd3 O-9. O-O Nbd7 10. Ne2 a5 11. Bd2 Ne4 12. Qc2 Nxd2 13. Qxd2 e5 14. dxe5 Nxe5 15Nfd4 Re8 16. Rfd1 Bd7 17. b3 Qe7 18. Rac1 a4 19. Nf4 Qg5 20. Bf1 axb3 21. axb3
Qf6 22. Ra1 Bf8 23. Qc3 Qe7 24. Rac1 Rec8 25. Nd3 Nxd3 26. Qxd3 Ra7 27. g3 h5
28. Bg2 Bg7 29. Rc2 Ra3 30. Rcc1 Qe5 31. Rd2 Re8 32. Qf1 Qc7 33. Qd1 Be6 34. b4
Ra4 35. Rb1 Bxd4 36. Rxd4 Rea8 37. Qf3 Bf5 38. Rbd1 Bc2 39. Rc1 Ra2 40. Qf6 Bf5
41. Rcd1 Re2 42. g4 Raa2 43. Rf4 hxg4 44. hxg4 Bxg4 45. Bxd5 cxd5 46. Rxd5 Re1+
47. Kg2 Rd1 48. Rxd1 Bxd1 49. Rh4 Bh5 50. Rd4 Ra8 51. c6 Rc8 52. Kg1 Rf8 53Kg2 Qc8 54. Kg3 Qb8+ 55. f4 Qe8 56. e4 Qa8 57. Rd3 Kh7 58. Qd6 Qc8 59. f5 gxf5
60. Rd5 Rg8+ 61. Kh4 Bg6 62. Kg5 fxe4 63. Kf6 Qh3 64. Ke7 Qh4+ 65. Kd7 Qd8# 0-1

[Event "Gibtelecom Masters 8th"]
[Site "Gibraltar"]
[Date "2010.02.02"]
[Round "8.34"]
[White "Sarkar, Justin"]
[Black "Weeramantry, Sunil"]
[Result "1-0"]
[WhiteElo "2378"]
[BlackElo "2201"]
[PlyCount "69"]
[EventDate "2010.01.26"]
[EventType "swiss"]
[EventRounds "10"]
[EventCountry "GGB"]
[SourceDate "2005.02.07"]

1. d4 Nf6 2. c4 g6 3. Nc3 Bg7 4. e4 d6 5. f4 O-O 6. Nf3 c5 7. d5 e6 8. Be2 exd5
9. cxd5 Re8 10. e5 dxe5 11. fxe5 Ng4 12. e6 fxe6 13. d6 Qb6 14. Ng5 Nf6 15. O-Bd7 16. Bc4 Nc6 17. Na4 Qa5 18. Bd2 Nb4 19. a3 b5 20. Nxc5 Qb6 21. Bxb4 bxc4
22. Kh1 a5 23. Rxf6 axb4 24. Nxd7 Qd8 25. Nxe6 Qxd7 26. Nxg7 Qxg7 27. Qd5+ Kh8
28. Rf7 Qxb2 29. Raf1 bxa3 30. d7 Rg8 31. Qd6 a2 32. Qe7 Rg7 33. d8=R+ Rxd8 34Qxd8+ Rg8 35. Rf8 1-0

[Event "Gibtelecom Masters 8th"]
[Site "Gibraltar"]
[Date "2010.02.02"]
[Round "8.35"]
[White "Tscharotschkin, Michael"]
[Black "Dworakowska, Joanna"]
[Result "0-1"]
[WhiteElo "2211"]
[BlackElo "2374"]
[PlyCount "64"]
[EventDate "2010.01.26"]
[EventType "swiss"]
[EventRounds "10"]
[EventCountry "GGB"]
[SourceDate "2005.02.07"]

1. e4 d6 2. d4 Nf6 3. Bd3 g6 4. Nf3 Bg7 5. O-O O-O 6. h3 Nbd7 7. Be3 e5 8. dxe5
dxe5 9. c4 Qe7 10. Nc3 c6 11. a3 Nc5 12. Bc2 Nh5 13. b4 Ne6 14. Ra2 Rd8 15. Bd3
Nef4 16. Rd2 Be6 17. Be2 Bh6 18. c5 Rxd2 19. Nxd2 Nxe2+ 20. Qxe2 Bxe3 21. Qxe3
Nf4 22. Rd1 Qg5 23. Qg3 Qh5 24. Nf3 a5 25. Kh2 axb4 26. axb4 Ra3 27. Ng5 Rxc3
28. Rd8+ Kg7 29. Nxe6+ Nxe6 30. Qxc3 Nxd8 31. f4 Ne6 32. g4 Qh4 0-1

[Event "Gibtelecom Masters 8th"]
[Site "Gibraltar"]
[Date "2010.02.02"]
[Round "8.36"]
[White "Degtiarev, Evgeny"]
[Black "Urbina Perez, Juan Antonio"]
[Result "1-0"]
[WhiteElo "2374"]
[BlackElo "2197"]
[PlyCount "57"]
[EventDate "2010.01.26"]
[EventType "swiss"]
[EventRounds "10"]
[EventCountry "GGB"]
[SourceDate "2005.02.07"]

1. d4 d5 2. Nf3 Nf6 3. c4 c6 4. Nc3 a6 5. h3 e6 6. c5 Nbd7 7. Bf4 Be7 8. e3 Ne4
9. Bd3 f5 10. O-O O-O 11. Na4 b5 12. cxb6 Nxb6 13. Ne5 Nxa4 14. Qxa4 c5 15. Nc6
Qe8 16. Nxe7+ Qxe7 17. Qa3 Rf7 18. Bxe4 dxe4 19. Qxc5 Bb7 20. Rfc1 h6 21. b4 g5
22. Be5 Qd8 23. a4 f4 24. b5 fxe3 25. fxe3 g4 26. Rf1 Rc8 27. Rxf7 Kxf7 28. Qa7
Qd7 29. bxa6 1-0

[Event "Gibtelecom Masters 8th"]
[Site "Gibraltar"]
[Date "2010.02.02"]
[Round "8.37"]
[White "Zaremba, Andrie"]
[Black "Kawuma, Steven Male"]
[Result "1/2-1/2"]
[WhiteElo "2360"]
[BlackElo "2187"]
[PlyCount "159"]
[EventDate "2010.01.26"]
[EventType "swiss"]
[EventRounds "10"]
[EventCountry "GGB"]
[SourceDate "2005.02.07"]

1. d4 Nf6 2. Nf3 g6 3. g3 Bg7 4. Bg2 O-O 5. c4 d6 6. O-O c6 7. Nc3 Nbd7 8. e4
e5 9. h3 Re8 10. Re1 exd4 11. Nxd4 a5 12. Be3 Nc5 13. Qc2 Qc7 14. Rad1 Ne6 15Nde2 Bf8 16. f4 Nd7 17. g4 Qd8 18. Qd2 Nec5 19. Ng3 Qe7 20. b3 Ra6 21. Re2 Ra8
22. Rde1 Rd8 23. Bd4 Ne6 24. Be3 Nec5 25. Bf2 Re8 26. Nf5 Qf6 27. Bd4 Qe6 28Nd5 Na6 29. Ba1 f6 30. g5 Qf7 31. Nxd6 Bxd6 32. Nxf6+ Nxf6 33. Qxd6 Nh5 34. f5
Qf8 35. Qd2 gxf5 36. exf5 Bxf5 37. Qc3 Rxe2 38. Rxe2 Qc5+ 39. Kh1 Kf7 40. Qf3
Kg6 41. Re5 Qf8 42. Qe3 Nc7 43. Be4 Ng7 44. h4 Re8 45. Bf3 Nh5 46. Kh2 Rxe5 47Qxe5 Ne6 48. Be4 Qf7 49. Bf3 Bd3 50. Bxh5+ Kxh5 51. g6+ Qf5 52. Qxf5+ Bxf5 53g7 Nxg7 54. Bxg7 Kxh4 55. c5 Bb1 56. Bc3 Bxa2 57. Bxa5 Bxb3 58. Bb6 Kg4 59. Ba7
Kf5 60. Kg3 Ke4 61. Kg4 Bd1+ 62. Kh4 Be2 63. Kg5 Kd5 64. Bb6 Kc4 65. Kh6 Bd3
66. Kg5 Kb5 67. Kh6 Kc4 68. Kg5 Kd5 69. Kh6 Ke6 70. Kg5 Kf7 71. Kh6 Kg8 72. Bc7
Be4 73. Bb6 Bg6 74. Ba7 Bf5 75. Bb6 Be4 76. Ba7 Bf5 77. Bb6 Bc8 78. Bc7 b5 79cxb6 c5 80. Be5 1/2-1/2

[Event "Gibtelecom Masters 8th"]
[Site "Gibraltar"]
[Date "2010.02.02"]
[Round "8.38"]
[White "Henriksson, Johan"]
[Black "Calzetta Ruiz, Monica"]
[Result "1-0"]
[WhiteElo "2204"]
[BlackElo "2359"]
[PlyCount "81"]
[EventDate "2010.01.26"]
[EventType "swiss"]
[EventRounds "10"]
[EventCountry "GGB"]
[SourceDate "2005.02.07"]

1. d4 Nf6 2. Nf3 g6 3. g3 Bg7 4. Bg2 O-O 5. O-O d6 6. c4 a6 7. Nc3 Nc6 8. b3
Rb8 9. Bb2 b5 10. d5 Na5 11. cxb5 axb5 12. Nd4 b4 13. Na4 Bb7 14. e4 Nd7 15Rc1 Ba6 16. Re1 Ne5 17. Re3 Qd7 18. f4 c5 19. dxc6 Nexc6 20. e5 Nxd4 21. Qxd4
Rfc8 22. Ree1 Nc6 23. Qe3 Qb7 24. e6 f6 25. Rc2 Bb5 26. Rec1 Qa7 27. Bd4 Qa6
28. Nb6 Rc7 29. Bxc6 Bxc6 30. Rxc6 Rxc6 31. Rxc6 Qxa2 32. g4 f5 33. Bxg7 Kxg7
34. g5 Qa1+ 35. Rc1 Qb2 36. Nc4 Qa2 37. Qd4+ Kg8 38. Qb2 Qa7+ 39. Qf2 Qa8 40Qe3 Rb5 41. Nb6 1-0

[Event "Gibtelecom Masters 8th"]
[Site "Gibraltar"]
[Date "2010.02.02"]
[Round "8.39"]
[White "Ivanov, Stojan Emilov"]
[Black "Saravanan, Venkat"]
[Result "1-0"]
[WhiteElo "2198"]
[BlackElo "2356"]
[PlyCount "89"]
[EventDate "2010.01.26"]
[EventType "swiss"]
[EventRounds "10"]
[EventCountry "GGB"]
[SourceDate "2005.02.07"]

1. d4 Nf6 2. c4 g6 3. Nc3 Bg7 4. e4 d6 5. h3 O-O 6. Nf3 Na6 7. Be2 c6 8. Bg5 e5
9. d5 h6 10. Be3 cxd5 11. cxd5 Nh5 12. Qd2 Kh7 13. g4 Nf4 14. Bxf4 exf4 15Qxf4 Qb6 16. Nb5 Bd7 17. a4 Bxb5 18. axb5 Nc5 19. O-O Rae8 20. Nd2 f5 21. Nc4
Qxb5 22. Nxd6 Qxe2 23. Nxe8 Rxe8 24. exf5 gxf5 25. Qxf5+ Kh8 26. d6 Qb5 27. d7
Rd8 28. Rae1 Qxd7 29. Qxc5 Bd4 30. Qh5 Qc6 31. Re2 Rf8 32. Qh4 Kg8 33. g5 Qf3
34. Qg4 Qxg4+ 35. hxg4 hxg5 36. Kg2 Rf7 37. Rd1 Bf6 38. Rd5 Rc7 39. f4 gxf4 40Kf3 Kf7 41. g5 Bg7 42. Kxf4 b6 43. Kf5 Bf8 44. Red2 Rc1 45. Rd7+ 1-0

[Event "Gibtelecom Masters 8th"]
[Site "Gibraltar"]
[Date "2010.02.02"]
[Round "8.40"]
[White "Byron, Alan M"]
[Black "Camus de Solliers, Guillau"]
[Result "1/2-1/2"]
[WhiteElo "2196"]
[BlackElo "2356"]
[PlyCount "103"]
[EventDate "2010.01.26"]
[EventType "swiss"]
[EventRounds "10"]
[EventCountry "GGB"]
[SourceDate "2005.02.07"]

1. c4 e5 2. Nc3 Nc6 3. g3 g6 4. Bg2 Bg7 5. b3 f5 6. Bb2 Nf6 7. Nf3 O-O 8. O-d6 9. d4 e4 10. Ne1 d5 11. e3 Be6 12. Qe2 Qe7 13. f3 Bf7 14. Nc2 exf3 15. Bxf3
Rfd8 16. Rae1 Kh8 17. c5 Ne4 18. Nxe4 dxe4 19. Bg2 Bd5 20. g4 Qg5 21. Rf4 a5
22. Ref1 Rf8 23. h4 Qxh4 24. gxf5 Qg5 25. fxg6 Qxg6 26. Qg4 Qxg4 27. Rxg4 Rxf1+
28. Kxf1 Re8 29. Rg5 Ne7 30. Bc3 b6 31. b4 Bc4+ 32. Ke1 Bd3 33. Kd2 h6 34. Rg4
Nd5 35. bxa5 Bxc2 36. cxb6 cxb6 37. axb6 Bd3 38. b7 Nf6 39. Rh4 Kh7 40. d5 Nxd5
41. Bxg7 Kxg7 42. Bxe4 Bxe4 43. Rxe4 Rb8 44. Re5 Nf6 45. Re7+ Kf8 46. Rc7 Ne4+
47. Ke2 Nd6 48. Rd7 Nf7 49. a4 Ke8 50. Rc7 Nd6 51. a5 Nxb7 52. Rh7 1/2-1/2

[Event "Gibtelecom Masters 8th"]
[Site "Gibraltar"]
[Date "2010.02.02"]
[Round "8.41"]
[White "Byrn, Carsten"]
[Black "Peek, Marcel"]
[Result "0-1"]
[WhiteElo "2171"]
[BlackElo "2342"]
[PlyCount "90"]
[EventDate "2010.01.26"]
[EventType "swiss"]
[EventRounds "10"]
[EventCountry "GGB"]
[SourceDate "2005.02.07"]

1. d4 f5 2. c4 Nf6 3. g3 g6 4. Bg2 Bg7 5. Nh3 O-O 6. O-O d6 7. d5 Na6 8. Nc3
Nc5 9. Be3 e5 10. dxe6 Nxe6 11. Nf4 c6 12. Rc1 Ng4 13. Nxe6 Nxe3 14. Nxd8 Nxd1
15. Rfxd1 Rxd8 16. e3 Be6 17. b3 Kf8 18. Kf1 Rac8 19. h4 Ke7 20. Ne2 a6 21. Nd4
Bd7 22. c5 dxc5 23. Rxc5 Be8 24. Ke2 Rd6 25. Nf3 Rxd1 26. Kxd1 Rd8+ 27. Ke2 Bf7
28. Rc2 a5 29. Nd2 a4 30. bxa4 Ra8 31. Nb1 Rxa4 32. a3 Ra5 33. Kd3 Kd6 34. Bf3
Kc7 35. Bd1 Bf8 36. Rc3 Bg7 37. Rc2 Bf8 38. Rc3 Bd5 39. f3 Ba2 40. Kc2 Bd6 41g4 fxg4 42. fxg4 Be5 43. Rd3 Rc5+ 44. Nc3 Bc4 45. Rd2 Bd5 0-1

[Event "Gibtelecom Masters 8th"]
[Site "Gibraltar"]
[Date "2010.02.02"]
[Round "8.42"]
[White "Reizniece, Dana"]
[Black "Osuna Vega, Enrique"]
[Result "1/2-1/2"]
[WhiteElo "2341"]
[BlackElo "2128"]
[PlyCount "107"]
[EventDate "2010.01.26"]
[EventType "swiss"]
[EventRounds "10"]
[EventCountry "GGB"]
[SourceDate "2005.02.07"]

1. c4 e5 2. Nc3 Nf6 3. g3 Bb4 4. Nd5 Nxd5 5. cxd5 c6 6. Bg2 O-O 7. a3 Be7 8. d4
d6 9. dxc6 Nxc6 10. d5 Nb8 11. Bd2 f5 12. Rc1 Na6 13. Nf3 Bf6 14. Bc3 Bd7 15O-O Rc8 16. b4 Qe7 17. Qd2 Rc7 18. Bb2 Rfc8 19. Rxc7 Rxc7 20. Rc1 Rxc1+ 21Qxc1 Qd8 22. Nd2 b6 23. e4 Qc8 24. Nc4 Qc7 25. Bf1 b5 26. Nd2 Qxc1 27. Bxc1 Nc7
28. f3 fxe4 29. fxe4 Bg5 30. Nb3 Bxc1 31. Nxc1 Kf7 32. Kf2 Na8 33. Ne2 Nb6 34Nc3 a6 35. Ke3 Ke7 36. Kd2 Bc8 37. Kc2 Kd8 38. Nd1 Kc7 39. Ne3 Bd7 40. Be2 Kd8
41. Nd1 Kc7 42. Nc3 Be8 43. Kb3 Bd7 44. Nd1 Kd8 45. Nb2 Kc7 46. Kc3 Bc8 47. Bh5
Bh3 48. Be2 Bc8 49. Bd1 Bd7 50. Be2 Bc8 51. Bd3 Bg4 52. Bc2 Bd7 53. Bd1 Kd8 54Be2 1/2-1/2

[Event "Gibtelecom Masters 8th"]
[Site "Gibraltar"]
[Date "2010.02.02"]
[Round "8.43"]
[White "Kvisla, Johannes Luangtep"]
[Black "Dittmar, Peter"]
[Result "1/2-1/2"]
[WhiteElo "2161"]
[BlackElo "2341"]
[PlyCount "79"]
[EventDate "2010.01.26"]
[EventType "swiss"]
[EventRounds "10"]
[EventCountry "GGB"]
[SourceDate "2005.02.07"]

1. d4 Nf6 2. c4 e6 3. Nc3 Bb4 4. Qc2 Nc6 5. Nf3 O-O 6. g3 d6 7. Bg2 e5 8. dxe5
dxe5 9. O-O Bxc3 10. Qxc3 Qe7 11. Bg5 Re8 12. Bxf6 Qxf6 13. Rad1 Qe7 14. Rd2 f6
15. Rfd1 Be6 16. b3 Rad8 17. Rxd8 Rxd8 18. Rxd8+ Nxd8 19. Ne1 c6 20. Nd3 Bg4
21. Kf1 Ne6 22. Ne1 Qd7 23. e3 Bf5 24. Qc1 e4 25. Kg1 Ng5 26. h4 Nf7 27. Qc2
Qe7 28. g4 Bxg4 29. Bxe4 h6 30. Ng2 Ne5 31. Nf4 Nf3+ 32. Bxf3 Bxf3 33. Qf5 Be4
34. Qc8+ Kh7 35. Ne6 g5 36. h5 b6 37. Nf8+ Kg7 38. Ne6+ Kh7 39. Nf8+ Kg7 40Ne6+ 1/2-1/2

[Event "Gibtelecom Masters 8th"]
[Site "Gibraltar"]
[Date "2010.02.02"]
[Round "8.44"]
[White "Gandrud, Vegar Koi"]
[Black "Wantiez, Fabrice"]
[Result "1/2-1/2"]
[WhiteElo "2158"]
[BlackElo "2315"]
[PlyCount "131"]
[EventDate "2010.01.26"]
[EventType "swiss"]
[EventRounds "10"]
[EventCountry "GGB"]
[SourceDate "2005.02.07"]

1. d4 Nf6 2. c4 g6 3. Nc3 d5 4. cxd5 Nxd5 5. e4 Nxc3 6. bxc3 Bg7 7. Nf3 c5 8Rb1 O-O 9. Be2 cxd4 10. cxd4 Qa5+ 11. Bd2 Qxa2 12. O-O Nd7 13. Qc1 Nb6 14. Rb2
Qe6 15. e5 Bd7 16. Ba5 Rfc8 17. Qg5 h6 18. Qg3 Nc4 19. Bxc4 Qxc4 20. Rxb7 Bc6
21. Rxe7 Bf8 22. Rc7 Rxc7 23. Bxc7 Bb5 24. Re1 Qxc7 25. h4 Bg7 26. d5 Qc5 27d6 Bd7 28. Qf4 Re8 29. Rc1 Bxe5 30. Nxe5 Qxe5 31. Qxe5 Rxe5 32. Rc7 Be6 33. d7
Bxd7 34. Rxd7 a5 35. Ra7 h5 36. g3 Kf8 37. Kg2 Rb5 38. Kh2 f6 39. Kg2 g5 40hxg5 fxg5 41. Kf3 Ke8 42. Ke4 h4 43. gxh4 gxh4 44. Kf3 Rh5 45. Kg2 h3+ 46. Kh2
Kd8 47. f4 Kc8 48. f5 Rxf5 49. Kxh3 Kb8 50. Re7 Rg5 51. Kh4 Rg6 52. Re5 Ra6 53Kg3 a4 54. Re2 Kb7 55. Kf2 Kc6 56. Ke1 Kb5 57. Kd2 a3 58. Kc3 a2 59. Re5+ Ka4
60. Kb2 Kb4 61. Re4+ Kc5 62. Ka1 Kd5 63. Re2 Kc4 64. Rxa2 Rb6 65. Rc2+ Kd3 66Rc8 1/2-1/2

[Event "Gibtelecom Masters 8th"]
[Site "Gibraltar"]
[Date "2010.02.02"]
[Round "8.45"]
[White "Nilsen, Joachim Birger"]
[Black "Kantans, Toms"]
[Result "1/2-1/2"]
[WhiteElo "2152"]
[BlackElo "2303"]
[PlyCount "51"]
[EventDate "2010.01.26"]
[EventType "swiss"]
[EventRounds "10"]
[EventCountry "GGB"]
[SourceDate "2005.02.07"]

1. e4 c5 2. Nf3 Nf6 3. e5 Nd5 4. c3 Nc6 5. d4 cxd4 6. cxd4 e6 7. Nc3 d6 8. Nxd5
exd5 9. Bd3 Bg4 10. O-O Be7 11. Bf4 dxe5 12. dxe5 Qb6 13. h3 Bh5 14. g4 Bg6 15Bxg6 hxg6 16. Qxd5 Nd8 17. Kg2 Ne6 18. Be3 Qa6 19. Rac1 O-O 20. Qc4 b5 21. Qb3
Rfd8 22. Rfd1 Qb7 23. Rxd8+ Rxd8 24. Rd1 Rxd1 25. Qxd1 a5 26. Qd3 1/2-1/2

[Event "Gibtelecom Masters 8th"]
[Site "Gibraltar"]
[Date "2010.02.02"]
[Round "8.46"]
[White "Fokin, Sergey"]
[Black "Perez Pardo, Juan Carlos"]
[Result "1-0"]
[WhiteElo "2109"]
[BlackElo "2297"]
[PlyCount "55"]
[EventDate "2010.01.26"]
[EventType "swiss"]
[EventRounds "10"]
[EventCountry "GGB"]
[SourceDate "2005.02.07"]

1. d4 d5 2. c4 e6 3. Nf3 Nf6 4. g3 Nbd7 5. Bg2 dxc4 6. O-O Rb8 7. a4 b6 8. Qc2
Bb7 9. Qxc4 c5 10. Nc3 Rc8 11. Bg5 Be7 12. Rfd1 Nd5 13. Bxe7 Qxe7 14. Nxd5 Bxd5
15. Qd3 O-O 16. e4 c4 17. Qc2 Bb7 18. d5 exd5 19. exd5 Nf6 20. Nd4 Qc5 21. Nf5
Rfe8 22. Qc3 Rcd8 23. Rd4 Bxd5 24. Rg4 Re6 25. Rxg7+ Kf8 26. Rxh7 Kg8 27. Rh6
Rdd6 28. Nxd6 1-0

[Event "Gibtelecom Masters 8th"]
[Site "Gibraltar"]
[Date "2010.02.02"]
[Round "8.47"]
[White "Demac, Elias"]
[Black "Kozlov, Oleg"]
[Result "1/2-1/2"]
[WhiteElo "2104"]
[BlackElo "2279"]
[PlyCount "213"]
[EventDate "2010.01.26"]
[EventType "swiss"]
[EventRounds "10"]
[EventCountry "GGB"]
[SourceDate "2005.02.07"]

1. d4 Nf6 2. c4 e6 3. Nf3 b6 4. g3 c6 5. Bg2 d5 6. O-O Ba6 7. cxd5 cxd5 8. Nc3
Be7 9. Qa4+ Qd7 10. Qxd7+ Nbxd7 11. Bg5 Bb4 12. Bxf6 gxf6 13. Rfe1 Bxc3 14bxc3 Rc8 15. Rac1 Rc4 16. Nd2 Ra4 17. Rc2 O-O 18. Bf1 Rc8 19. Rec1 f5 20. f3
Nf6 21. e3 Bxf1 22. Kxf1 b5 23. Ke2 Kf8 24. Kd3 Ke7 25. Rb1 a6 26. Rb4 Ra3 27Nb1 Ra5 28. a4 Ne8 29. axb5 axb5 30. Nd2 Nd6 31. e4 fxe4+ 32. fxe4 f5 33. e5
Ne4 34. Nb3 Ra7 35. Rxb5 Rac7 36. Nc5 Nxc5+ 37. dxc5 Rxc5 38. Rxc5 Rxc5 39. Ra2
Rc7 40. Ra4 Kf7 41. c4 dxc4+ 42. Rxc4 Rd7+ 43. Ke3 Rd1 44. Kf4 Kg6 45. Rc3 h5
46. h4 Rd4+ 47. Kf3 Re4 48. Re3 Rg4 49. Ra3 f4 50. gxf4 Kf5 51. Ra8 Rxf4+ 52Kg3 Rg4+ 53. Kh3 Rb4 54. Kg3 Rb3+ 55. Kg2 Re3 56. Rg8 Kf4 57. Rg6 Rxe5 58. Kf2
Kf5 59. Rg8 Ke4 60. Kg3 Rf5 61. Ra8 Ke5 62. Ra5+ Kf6 63. Ra6 Rb5 64. Ra8 Rb3+
65. Kg2 Rb4 66. Kg3 Rd4 67. Rf8+ Kg7 68. Re8 Rg4+ 69. Kh3 Re4 70. Re7+ Kf6 71Rh7 Re3+ 72. Kg2 Kg6 73. Rh8 Rd3 74. Rg8+ Kf6 75. Rh8 Rd5 76. Rh6+ Kf7 77. Kf3
Re5 78. Kf4 Ra5 79. Kf3 Rf5+ 80. Ke4 Ke7 81. Rh7+ Kf6 82. Rh6+ Kf7 83. Rh7+ Kg6
84. Re7 Kf6 85. Rh7 Re5+ 86. Kf4 Rf5+ 87. Ke4 Rb5 88. Rh6+ Kf7 89. Kf4 Ra5 90Kg3 Ra3+ 91. Kf4 Ra5 92. Rh7+ Kg6 93. Rh8 Ra4+ 94. Ke5 Rxh4 95. Kxe6 Re4+ 96Kd5 Ra4 97. Ke5 Kg5 98. Rg8+ Kh4 99. Kf5 Kh3 100. Rb8 Ra3 101. Kg5 h4 102. Rb4
Ra5+ 103. Kf4 Ra2 104. Kg5 Ra5+ 105. Kf4 Ra8 106. Rb3+ Kg2 107. Rb2+ 1/2-1/2

[Event "Gibtelecom Masters 8th"]
[Site "Gibraltar"]
[Date "2010.02.02"]
[Round "8.48"]
[White "Allor, Chukwuka"]
[Black "Meskovs, Nikita"]
[Result "1-0"]
[WhiteElo "2100"]
[BlackElo "2264"]
[PlyCount "81"]
[EventDate "2010.01.26"]
[EventType "swiss"]
[EventRounds "10"]
[EventCountry "GGB"]
[SourceDate "2005.02.07"]

1. e4 c5 2. Nf3 e6 3. d4 cxd4 4. Nxd4 a6 5. Nc3 Qc7 6. Be2 Nf6 7. O-O d6 8. f4
b5 9. Bf3 Bb7 10. e5 dxe5 11. fxe5 Nfd7 12. Bf4 Nc6 13. Nxc6 Bxc6 14. Kh1 g6
15. Qe1 Bxf3 16. Rxf3 Bg7 17. Ne4 Nxe5 18. Qb4 Rd8 19. Ng5 Qc4 20. Qxc4 Nxc4
21. Nxf7 Kxf7 22. Bg5+ Ke8 23. Bxd8 Kxd8 24. Rf7 Bxb2 25. Rd1+ Ke8 26. Rdd7 Ba3
27. Rxh7 Rxh7 28. Rxh7 Bb2 29. h4 a5 30. g4 Ne3 31. h5 Nxg4 32. hxg6 Ne5 33Rh8+ Ke7 34. g7 Nf7 35. Re8+ Kxe8 36. g8=Q+ Ke7 37. Qa8 Nd6 38. Qxa5 e5 39. a4
bxa4 40. Qxa4 Bd4 41. Kg2 1-0

[Event "Gibtelecom Masters 8th"]
[Site "Gibraltar"]
[Date "2010.02.02"]
[Round "8.49"]
[White "Avalos Parra, Joao"]
[Black "Collier, David O"]
[Result "1-0"]
[WhiteElo "2245"]
[BlackElo "2118"]
[PlyCount "57"]
[EventDate "2010.01.26"]
[EventType "swiss"]
[EventRounds "10"]
[EventCountry "GGB"]
[SourceDate "2005.02.07"]

1. d4 Nf6 2. c4 e6 3. Nf3 Bb4+ 4. Nc3 c5 5. g3 Ne4 6. Qd3 Qa5 7. Bd2 Nxd2 8Nxd2 cxd4 9. Qxd4 O-O 10. Nb3 Nc6 11. Qd2 Qh5 12. Bg2 f5 13. f4 Be7 14. O-O-d6 15. e4 g6 16. Kb1 Rd8 17. Qe3 Qh6 18. h4 Qg7 19. h5 Bd7 20. Nb5 Bc8 21. hxg6
hxg6 22. exf5 exf5 23. Nc7 Rb8 24. Bd5+ Kf8 25. Ne6+ Bxe6 26. Qxe6 Ke8 27. Rde1
Rd7 28. Qxg6+ Qxg6 29. Rh8+ 1-0

[Event "Gibtelecom Masters 8th"]
[Site "Gibraltar"]
[Date "2010.02.02"]
[Round "8.50"]
[White "Seitz, Benjamin"]
[Black "Hartvig, Ove Weiss"]
[Result "1-0"]
[WhiteElo "2017"]
[BlackElo "2245"]
[PlyCount "75"]
[EventDate "2010.01.26"]
[EventType "swiss"]
[EventRounds "10"]
[EventCountry "GGB"]
[SourceDate "2005.02.07"]

1. d4 c5 2. c3 Nf6 3. Nf3 e6 4. e3 Nc6 5. Nbd2 b6 6. Bd3 Be7 7. O-O Bb7 8. a3
O-O 9. e4 d6 10. b4 Qc7 11. Bb2 Nd7 12. Qe2 Bf6 13. b5 Ne7 14. Rad1 g6 15. Rfe1
Bg7 16. Nf1 d5 17. e5 c4 18. Bb1 a6 19. bxa6 Rxa6 20. h4 Bc6 21. g4 Nb8 22. Ng3
Bd7 23. Qf1 Nbc6 24. Qh3 Na7 25. h5 Nb5 26. Ng5 h6 27. Nxf7 Rxf7 28. hxg6 Rf3
29. Kg2 Rxg3+ 30. fxg3 Nxa3 31. Bxa3 Rxa3 32. g5 Nf5 33. Bxf5 exf5 34. gxh6 f4
35. e6 f3+ 36. Kf1 Be8 37. e7 f2 38. Re2 1-0

[Event "Gibtelecom Masters 8th"]
[Site "Gibraltar"]
[Date "2010.02.02"]
[Round "8.51"]
[White "Tozer, Philip"]
[Black "Benitah, Yohan"]
[Result "0-1"]
[WhiteElo "2119"]
[BlackElo "2390"]
[PlyCount "124"]
[EventDate "2010.01.26"]
[EventType "swiss"]
[EventRounds "10"]
[EventCountry "GGB"]
[SourceDate "2005.02.07"]

1. c4 c6 2. e4 d5 3. exd5 cxd5 4. cxd5 Nf6 5. Bb5+ Nbd7 6. Nc3 g6 7. d4 Bg7 8d6 e6 9. Nf3 O-O 10. Bf4 Nb6 11. O-O Nh5 12. Qd2 Nxf4 13. Qxf4 Bd7 14. Bxd7
Qxd7 15. Ne5 Qxd6 16. Nxg6 Qxf4 17. Nxf4 Bxd4 18. Nfe2 Bg7 19. Rfd1 Rfd8 20Rac1 Kf8 21. g3 Ke7 22. Kg2 a6 23. b3 Rxd1 24. Rxd1 Rc8 25. Rd3 Nd7 26. f4 b5
27. Kf3 Nc5 28. Re3 Rd8 29. a4 b4 30. Ne4 Nd3 31. h4 h6 32. g4 Ne1+ 33. Kf2 Rd1
34. Nc5 a5 35. Nb7 Nc2 36. Re4 Rd5 37. Rc4 Na1 38. Rc7+ Ke8 39. Rc8+ Kd7 40Rd8+ Kc7 41. Rxd5 exd5 42. Nc5 Kc6 43. Nd3 Nxb3 44. Ne5+ Bxe5 45. fxe5 Nc5 46Ke3 Kd7 47. Nf4 Nxa4 48. Nxd5 Nc3 49. Nb6+ Ke6 50. h5 f6 51. exf6 Kxf6 52. Nc4
a4 53. Kd3 Nd5 54. Kc2 Kg5 55. Ne5 Ne3+ 56. Kb2 Nxg4 57. Nd3 Kxh5 58. Nxb4 Kg5
59. Nc2 h5 60. Nd4 Ne5 61. Ka3 h4 62. Ne2 h3 0-1

[Event "Gibtelecom Masters 8th"]
[Site "Gibraltar"]
[Date "2010.02.02"]
[Round "8.52"]
[White "Forsaa, Espen"]
[Black "Bindrich, Oswald"]
[Result "1/2-1/2"]
[WhiteElo "2301"]
[BlackElo "2173"]
[PlyCount "83"]
[EventDate "2010.01.26"]
[EventType "swiss"]
[EventRounds "10"]
[EventCountry "GGB"]
[SourceDate "2005.02.07"]

1. e4 c5 2. Nf3 d6 3. d4 cxd4 4. Nxd4 Nf6 5. Nc3 e6 6. Be3 a6 7. g4 e5 8. Nf5
g6 9. Bg2 gxf5 10. exf5 h5 11. h3 hxg4 12. hxg4 Rxh1+ 13. Bxh1 Qa5 14. g5 d5
15. gxf6 d4 16. Bxd4 exd4 17. Qxd4 Nc6 18. Bxc6+ bxc6 19. Qe4+ Kd7 20. O-O-O+
Kc7 21. Qe8 Bh6+ 22. Kb1 Qxf5 23. Qd8+ Kb7 24. Qe7+ Kb8 25. Na4 Ra7 26. Qd6+
Rc7 27. Nb6 Bf4 28. Qf8 Qe6 29. Qb4 Ka7 30. Nxc8+ Rxc8 31. Qxf4 c5 32. Qd6 Rc6
33. Qd7+ Kb6 34. Qd8+ Kb5 35. b3 Qxf6 36. a3 Qxd8 37. Rxd8 Rf6 38. c4+ Kc6 39Rd2 Rf3 40. Rb2 a5 41. a4 Kd6 42. Kc1 1/2-1/2

[Event "Gibtelecom Masters 8th"]
[Site "Gibraltar"]
[Date "2010.02.02"]
[Round "8.53"]
[White "Valgmae, Toomas"]
[Black "Videnova, Iva"]
[Result "0-1"]
[WhiteElo "2154"]
[BlackElo "2301"]
[PlyCount "86"]
[EventDate "2010.01.26"]
[EventType "swiss"]
[EventRounds "10"]
[EventCountry "GGB"]
[SourceDate "2005.02.07"]

1. d4 Nf6 2. c4 e6 3. g3 d5 4. Bg2 g6 5. Nf3 Bg7 6. O-O O-O 7. Nc3 c6 8. Qb3 a6
9. Bg5 h6 10. Bf4 Nbd7 11. Rac1 Re8 12. Rfd1 g5 13. Be5 g4 14. Bxf6 Bxf6 15Ne5 Nxe5 16. dxe5 Bxe5 17. e4 d4 18. c5 Bc7 19. e5 Bxe5 20. Ne4 f5 21. Nd6 Bxd6
22. Rxd4 Qg5 23. cxd6 Qxc1+ 24. Rd1 Qc5 25. d7 Bxd7 26. Rxd7 Rad8 27. Qxb7 Rxd7
28. Qxd7 Re7 29. Qd8+ Kf7 30. Qh8 Qc1+ 31. Bf1 c5 32. Kg2 Qg5 33. Bxa6 f4 34Qh7+ Qg7 35. Qxg7+ Kxg7 36. gxf4 Ra7 37. Bc4 Kf6 38. Bb3 Rd7 39. Bc4 Rd2 40. b3
Rxa2 41. Kg3 h5 42. Bd3 Rb2 43. Bc4 Rc2 0-1